LEADER 01014nam a2200241 i 4500 001 000000172009 003 CaOOAMICUS 005 20081116000000.0 008 081116s1977 it u000 u ita u 013 $a149446 040 $aSeMil$bita 245 13$aIl mondo del lavoro nel pensiero di Paolo 6. /$craccolta organica di testi dell'insegnamento sociale del Papa a cura di Luigi Chiappetta. 260 $aNapoli :$bDehoniane,$ccopyr. 1977. 300 $a378 p. ;$c24 cm. 500 $aFondo Card. Giovanni Colombo. 650 4$aPaolo VI - Dottrina sociale.$0(OLS)http://semarc/subject/8031 700 1 $aChiappetta, Luigi.$0(OLS)http://semarc/name/3439 850 $aSeMil 852 $aSeMil$W1$xVenegono$y1$m2A IV 428$j122872$B122872$CSeMilBibl$Z2$F137250 $81 941 1 $a3 961 $aLascito: Colombo Card. Giovanni 996 $6245$aIl mondo del lavoro nel pensiero di Paolo 6.$9(OLS)http://semarc/title/246217 996 $6260$aNapoli :$bDehoniane$9(OLS)http://semarc/publisher/29785 LEADER 01297nam a2200301 4500 001 000000345045 003 CaOOAMICUS 005 20210323110303.0 008 210323s1983 it 000 u ita r 020 $a88-15-00331-2 040 $aSeMil$bita 100 1 $aGrandi, Dino,$d<1895-1988>.$0(OLS)http://semarc/name/11365 245 10$a25 Luglio :$bquarant'anni dopo /$cDino Grandi ; a cura di Renzo De Felice. 264 1$aBologna :$bIl Mulino,$c1983. 300 $a501 p. ;$c21 cm 490 1 $aStoria / Memoria 600 14$aMussolini, Benito <1883-1945>.$0(OLS)http://semarc/subject/6801 600 14$aGrandi, Dino <1895-1988>.$0(OLS)http://semarc/subject/50158 650 4$aItalia - Storia - 1943.$0(OLS)http://semarc/subject/26320 700 1 $aDe Felice, Renzo,$d<1929-1996>.$0(OLS)http://semarc/name/1119 830 0$aStoria / Memoria.$0(OLS)http://semarc/title/433290 850 $aSeMil 852 $aSeMil$W1$xVenegono$y1$m3V II 342$j225154$B236116$CSeMilBibl$Z2$F236116 $81 961 $aVolpi Paolo - Lascito 996 $6020$a88-15-00331-2$9(OLS)http://semarc/number/292708 996 $6245$a25 Luglio :$bquarant'anni dopo$9(OLS)http://semarc/title/434140 996 $6264$aBologna :$bIl Mulino$9(OLS)http://semarc/publisher/29842